[Event "V Festival A"]
[Site "Verona ITA"]
[Date "1999.01.??"]
[Round "3"]
[White "Mitkov, Nikola"]
[Black "Guido, Flavio"]
[Result "1-0"]
[WhiteElo "2483"]
[BlackElo "2356"]
[PlyCount "101"]
[EventDate "1999.01.02"]

1. e4 c5 2. Nc3 e6 3. Nf3 d6 4. d4 cxd4 5. Nxd4 Nf6 6. Be3 Be7 7. f4 O-O 8. Qf3
e5 9. Nf5 Bxf5 10. exf5 Nbd7 11. O-O-O Qa5 12. g4 Rac8 13. Bd2 e4 14. Qe2 d5
15. Kb1 Bb4 16. g5 d4 17. Nxe4 Nxe4 18. Bxb4 Qxb4 19. Qxe4 Rfe8 20. Qd5 Nb6 21.
Qb3 Qxb3 22. axb3 Re4 23. Bd3 Rxf4 24. Rde1 Kf8 25. Re5 f6 26. gxf6 gxf6 27.
Re6 Kf7 28. Rhe1 Rc7 29. Rd6 Re7 30. Rg1 Re8 31. h3 Rh4 32. Ka2 Re5 33. Rd8
Rxh3 34. Rxd4 Rh5 35. b4 Rg5 36. Rh1 Rg7 37. c4 Ke7 38. Rd1 Re3 39. c5 Nd7 40.
Be4 Kd8 41. Bxb7 Kc7 42. Bd5 Re2 43. Be6 Ne5 44. Rd8 Nc6 45. R1d7+ Rxd7 46.
Rxd7+ Kb8 47. b5 Ne5 48. Rxh7 Rc2 49. c6 a6 50. Kb1 Rc5 51. b4 1-0

[Event "V Festival A"]
[Site "Verona ITA"]
[Date "1999.01.??"]
[Round "3"]
[White "Nironi, Andrea"]
[Black "Benincasa, Marco"]
[Result "1-0"]
[WhiteElo "1897"]
[BlackElo "2012"]
[PlyCount "68"]
[EventDate "1999.01.02"]

1. d4 Nf6 2. Bg5 e6 3. c4 Be7 4. Nc3 d6 5. Nf3 Nbd7 6. e4 e5 7. d5 O-O 8. Bd3
Nc5 9. Bc2 Ng4 10. Bxe7 Qxe7 11. h3 Nf6 12. b4 Ncd7 13. O-O Nb6 14. Bb3 Nh5 15.
Ne1 Nf4 16. Nd3 Qg5 17. Nxf4 exf4 18. Kh2 Nd7 19. f3 Qg3+ 20. Kh1 Ne5 21. Qd2
Ng6 22. c5 Bd7 23. Rac1 Rac8 24. c6 bxc6 25. dxc6 Be6 26. Bxe6 fxe6 27. Nb5 a6
28. Nd4 Rfe8 29. a4 Qg5 30. b5 axb5 31. Nxb5 Qe7 32. Ra1 Ra8 33. a5 Ra6 34. Nd4
Rea8 1-0

[Event "V Festival A"]
[Site "Verona ITA"]
[Date "1999.01.??"]
[Round "3"]
[White "Ortega, Lexy"]
[Black "Zinani, Alessandro"]
[Result "1-0"]
[WhiteElo "2485"]
[BlackElo "2178"]
[PlyCount "101"]
[EventDate "1999.01.02"]

1. d4 f5 2. Bg5 d5 3. e3 Qd6 4. Nc3 c6 5. Nf3 Nd7 6. a3 e6 7. h3 Qc7 8. g4 Ngf6
9. gxf5 exf5 10. Bd3 Ne4 11. Bf4 Bd6 12. Ne2 O-O 13. Rg1 Kh8 14. Bxd6 Qxd6 15.
Nf4 c5 16. dxc5 Nexc5 17. Qd2 Ne5 18. Nxe5 Qxe5 19. Qb4 b6 20. O-O-O Bb7 21.
Qd4 Qxd4 22. exd4 Ne4 23. f3 Nd6 24. Rde1 Rae8 25. h4 Kg8 26. b3 Bc6 27. a4 Bb7
28. Kd2 Bc6 29. Re6 Rd8 30. Re5 Rde8 31. Rge1 Rxe5 32. dxe5 Nc8 33. Ne6 Rf7 34.
Nd8 Rc7 35. Nxc6 Rxc6 36. Bxf5 Ne7 37. Bd3 h6 38. f4 Kf7 39. h5 Ke6 40. Rg1 Kf7
41. Ke3 Rc5 42. Kd4 Nc6+ 43. Ke3 Ne7 44. f5 Rc7 45. Kf4 Rc5 46. Rg2 Rc3 47. Rg1
Rc5 48. c4 Rc7 49. Rd1 Rc5 50. Bf1 Kf8 51. Bg2 1-0

[Event "V Festival A"]
[Site "Verona ITA"]
[Date "1999.01.??"]
[Round "3"]
[White "Perich, Stefano"]
[Black "Campanile, Antonio"]
[Result "0-1"]
[WhiteElo "2045"]
[BlackElo "2174"]
[PlyCount "42"]
[EventDate "1999.01.02"]

1. Nf3 f5 2. b3 d6 3. d4 g6 4. Bb2 Bg7 5. Qc1 Nf6 6. e3 c6 7. Nbd2 a5 8. c4 O-O
9. Qc2 Na6 10. a3 c5 11. Bc3 cxd4 12. exd4 Re8 13. O-O-O Bd7 14. h3 Rc8 15. Kb2
Qc7 16. d5 b5 17. Nd4 b4 18. axb4 axb4 19. Ne2 bxc3+ 20. Nxc3 Nb4 21. Qc1 Nfxd5
0-1

[Event "V Festival A"]
[Site "Verona ITA"]
[Date "1999.01.??"]
[Round "3"]
[White "Pipitone, Antonio"]
[Black "Costantini, Roberto"]
[Result "0-1"]
[WhiteElo "2057"]
[BlackElo "2158"]
[PlyCount "86"]
[EventDate "1999.01.02"]

1. e4 c5 2. Nf3 d6 3. d4 cxd4 4. Nxd4 Nf6 5. Nc3 a6 6. Be2 e5 7. Nb3 Be7 8. Be3
Be6 9. Bf3 O-O 10. O-O Nbd7 11. h3 b5 12. a3 Rc8 13. Re1 Qc7 14. Rc1 Nb6 15.
Bxb6 Qxb6 16. Qd3 Ne8 17. Nd5 Bxd5 18. Qxd5 Bg5 19. Nd2 Nc7 20. Qd3 Ne6 21. c3
Nc5 22. Qc2 Bxd2 23. Qxd2 Nb3 24. Qd3 Nxc1 25. Rxc1 a5 26. Rd1 Rfd8 27. Be2 b4
28. axb4 axb4 29. c4 Ra8 30. Qb3 g6 31. g3 Ra5 32. Kg2 Rda8 33. h4 Ra1 34. Rd2
Re1 35. Bf3 Raa1 36. Qd3 Rab1 37. Bd1 Qd4 38. Qc2 Qxe4+ 39. Qxe4 Rxe4 40. Rxd6
Rd4 41. Rxd4 exd4 42. Ba4 Rxb2 43. c5 Ra2 0-1

[Event "V Festival A"]
[Site "Verona ITA"]
[Date "1999.01.??"]
[Round "3"]
[White "Rodighiero, Giuseppe"]
[Black "Pizzuto, Samuele Tullio"]
[Result "1/2-1/2"]
[WhiteElo "2185"]
[BlackElo "2115"]
[PlyCount "50"]
[EventDate "1999.01.02"]

1. d4 d5 2. Nf3 Nc6 3. c3 Bg4 4. Bf4 e6 5. Nbd2 Bd6 6. e3 f6 7. Bxd6 cxd6 8.
Be2 Bf5 9. O-O Nge7 10. Nh4 O-O 11. Nxf5 Nxf5 12. Bd3 Nfe7 13. e4 dxe4 14. Nxe4
Nd5 15. Re1 f5 16. Nd2 Qf6 17. Bc4 Nf4 18. g3 Nh3+ 19. Kg2 Ng5 20. f3 d5 21.
Bb3 f4 22. g4 Qh6 23. Qe2 Qh3+ 24. Kh1 Rf6 25. Qg2 Qh4 1/2-1/2

[Event "V Festival A"]
[Site "Verona ITA"]
[Date "1999.01.??"]
[Round "3"]
[White "Ventura, Boris"]
[Black "Papale, Carmelo"]
[Result "1/2-1/2"]
[WhiteElo "2115"]
[BlackElo "1917"]
[PlyCount "53"]
[EventDate "1999.01.02"]

1. e4 c5 2. Nf3 d6 3. d4 cxd4 4. Nxd4 Nf6 5. Nc3 a6 6. f4 g6 7. a4 Bg7 8. Nf3
Nc6 9. Bd3 O-O 10. O-O Bd7 11. Qe1 Rc8 12. Qh4 Qa5 13. f5 Nb4 14. Kh1 Nxd3 15.
cxd3 gxf5 16. Bd2 Qb6 17. Bh6 Bxh6 18. Qxh6 Qxb2 19. Nd5 Nxd5 20. exd5 Qg7 21.
Qd2 Rc5 22. Rab1 Rfc8 23. Rxb7 h6 24. Rxd7 Rc2 25. Rd8+ Kh7 26. Rxc8 Rxd2 27.
Nxd2 1/2-1/2

[Event "V Festival A"]
[Site "Verona ITA"]
[Date "1999.01.??"]
[Round "3"]
[White "Zoldan, Matteo"]
[Black "Agnelli, Francesco"]
[Result "1/2-1/2"]
[WhiteElo "2099"]
[BlackElo "2075"]
[PlyCount "34"]
[EventDate "1999.01.02"]

1. c4 Nf6 2. Nc3 g6 3. e4 d6 4. d4 Bg7 5. f3 Nbd7 6. Be3 c5 7. Nge2 Qa5 8. Qd2
a6 9. O-O-O b5 10. Nd5 Qxd2+ 11. Rxd2 Nxd5 12. cxd5 Bb7 13. dxc5 dxc5 14. Nf4
O-O 15. Kb1 Rac8 16. Be2 c4 17. Rc1 Be5 1/2-1/2

[Event "V Festival A"]
[Site "Verona ITA"]
[Date "1999.01.??"]
[Round "4"]
[White "Agnelli, Francesco"]
[Black "Rodighiero, Giuseppe"]
[Result "1-0"]
[WhiteElo "2075"]
[BlackElo "2185"]
[PlyCount "45"]
[EventDate "1999.01.02"]

1. e4 c6 2. d4 d5 3. Nc3 dxe4 4. Nxe4 Bf5 5. Ng3 Bg6 6. h4 h6 7. Nh3 e6 8. Bc4
Nf6 9. Nf4 Bh7 10. c3 Bd6 11. Qf3 Qc7 12. Nfh5 Nxh5 13. Nxh5 Bf8 14. Bf4 Qb6
15. Qg3 Bg6 16. Nxg7+ Bxg7 17. h5 Bxd4 18. hxg6 Qxb2 19. O-O Qxc3 20. gxf7+
Kxf7 21. Bxe6+ Kxe6 22. Qg6+ Bf6 23. Rfe1+ 1-0

[Event "V Festival A"]
[Site "Verona ITA"]
[Date "1999.01.??"]
[Round "5"]
[White "Mitkov, Nikola"]
[Black "Luciani, Valerio"]
[Result "1-0"]
[WhiteElo "2483"]
[BlackElo "2238"]
[PlyCount "51"]
[EventDate "1999.01.02"]

1. e4 e6 2. d4 d5 3. Nc3 Bb4 4. e5 c5 5. a3 Bxc3+ 6. bxc3 Ne7 7. Qg4 Qc7 8.
Qxg7 Rg8 9. Qxh7 cxd4 10. Ne2 Nbc6 11. f4 Bd7 12. Qd3 dxc3 13. Rb1 O-O-O 14.
Nxc3 Na5 15. Rg1 Kb8 16. Ne2 Rc8 17. Nd4 Ng6 18. g4 f6 19. exf6 Nxf4 20. Bxf4
Qxf4 21. Qg3 Qxg3+ 22. Rxg3 e5 23. Nb3 Nxb3 24. Rbxb3 Rxg4 25. Rxg4 Bxg4 26.
Ba6 1-0

[Event "V Festival A"]
[Site "Verona ITA"]
[Date "1999.01.??"]
[Round "6"]
[White "De Bortoli, Peter"]
[Black "Facchetti, Gianni"]
[Result "1-0"]
[WhiteElo "2218"]
[BlackElo "2116"]
[PlyCount "80"]
[EventDate "1999.01.02"]

1. e4 e5 2. f4 Nf6 3. fxe5 Nxe4 4. Nf3 Ng5 5. Bb5 c6 6. O-O cxb5 7. d4 Ne6 8.
d5 Bc5+ 9. Kh1 O-O 10. dxe6 dxe6 11. Qe1 Nc6 12. Nc3 Nd4 13. Ne4 Nxf3 14. Rxf3
Be7 15. Nf6+ gxf6 16. Bh6 Kh8 17. Rd1 Qxd1 18. Qxd1 Rd8 19. Rd3 Rxd3 20. Qxd3
Bd7 21. exf6 Bxf6 22. Qf3 Be5 23. Qxf7 Bc6 24. Qxe6 Re8 25. Qf5 Bxb2 26. h4 Bd4
27. Bg5 Kg7 28. h5 Kg8 29. Qg4 Re1+ 30. Kh2 Re4 31. Bf4+ Kf7 32. Qf5+ Ke8 33.
h6 Bb6 34. Bd6 Kd8 35. Qxh7 Re6 36. Qg8+ Kd7 37. Bf4 Re4 38. h7 Rxf4 39. Qg7+
Kd6 40. Qh6+ Kd7 1-0

[Event "III Torneo Internazionale"]
[Site "Montecatini Terme ITA"]
[Date "1999.01.??"]
[Round "1"]
[White "Aldrovandi, Costantino"]
[Black "Lovric, Branko"]
[Result "0-1"]
[WhiteElo "2309"]
[BlackElo "2316"]
[PlyCount "82"]
[EventDate "1999.01.??"]

1. e4 b6 2. d4 Bb7 3. Bd3 c5 4. d5 g6 5. c4 e5 6. f4 d6 7. Nf3 Nd7 8. Nc3 Bg7
9. O-O exf4 10. Bxf4 Ne5 11. Qd2 Ne7 12. Nxe5 dxe5 13. Bg5 O-O 14. Rf3 f6 15.
Bh4 Nc8 16. Raf1 Nd6 17. a4 a5 18. Nb5 Ne8 19. Bf2 Ba6 20. Nc3 Nd6 21. b3 Ra7
22. Be3 Raf7 23. g4 Bc8 24. Rg3 Bd7 25. Qg2 Re7 26. Kh1 g5 27. Bd2 Be8 28. Nd1
Bg6 29. Ne3 Rff7 30. h4 gxh4 31. Rh3 Bh6 32. Rxh4 Bg5 33. Rh3 Rg7 34. Nf5 Bxf5
35. gxf5 Bxd2 36. Qxd2 Rg5 37. Rh6 Reg7 38. Qh2 Qf8 39. Qh4 Rg4 40. Qh2 Rg2 41.
Qh3 R2g3 0-1

[Event "III Torneo Internazionale"]
[Site "Montecatini Terme ITA"]
[Date "1999.01.??"]
[Round "1"]
[White "Naumkin, Igor"]
[Black "Medancic, Rikard"]
[Result "1/2-1/2"]
[WhiteElo "2493"]
[BlackElo "2349"]
[PlyCount "26"]
[EventDate "1999.01.??"]

1. d4 d5 2. c4 e6 3. Nc3 Nf6 4. Bg5 Be7 5. e3 c6 6. Nf3 O-O 7. Rc1 Nbd7 8. a3
h6 9. Bh4 dxc4 10. Bxc4 Nd5 11. Bxe7 Qxe7 12. Ne4 N5b6 13. Ba2 e5 1/2-1/2

[Event "III Torneo Internazionale"]
[Site "Montecatini Terme ITA"]
[Date "1999.01.??"]
[Round "1"]
[White "Sciortino, Massimo"]
[Black "Zaja, Ivan"]
[Result "0-1"]
[WhiteElo "2194"]
[BlackElo "2443"]
[PlyCount "82"]
[EventDate "1999.01.??"]

1. e4 e6 2. d4 d5 3. Nd2 Nf6 4. e5 Nfd7 5. Bd3 b6 6. Nh3 Ba6 7. Bxa6 Nxa6 8.
O-O c5 9. c3 Nc7 10. f4 g6 11. Nf3 Nb8 12. Nf2 h5 13. h3 Nc6 14. g4 Qd7 15. Be3
O-O-O 16. Kg2 cxd4 17. Bxd4 Nb5 18. Qd3 Nbxd4 19. cxd4 Kb7 20. a3 Na5 21. Nd2
Be7 22. Rac1 Rc8 23. b4 Nc4 24. Nxc4 dxc4 25. Qe4+ Kb8 26. Rfd1 Rhd8 27. Qf3
hxg4 28. hxg4 f5 29. g5 b5 30. Nh3 Qb7 31. Ng1 a5 32. Qxb7+ Kxb7 33. Nf3 axb4
34. axb4 Ra8 35. Rc2 Kc6 36. Rh1 Rh8 37. Rxh8 Rxh8 38. Ra2 Kb6 39. Rb2 c3 40.
Rc2 Bxb4 41. Ne1 Rd8 0-1

[Event "III Torneo Internazionale"]
[Site "Montecatini Terme ITA"]
[Date "1999.01.??"]
[Round "1"]
[White "Vezzosi, Paolo"]
[Black "Tomescu, Vlad"]
[Result "0-1"]
[WhiteElo "2339"]
[BlackElo "2436"]
[PlyCount "106"]
[EventDate "1999.01.??"]

1. e4 c5 2. Nf3 Nc6 3. Bb5 e6 4. O-O Nge7 5. c3 a6 6. Be2 d5 7. exd5 Nxd5 8. d4
Be7 9. c4 Nf6 10. dxc5 O-O 11. Nc3 Bxc5 12. Bg5 h6 13. Bh4 g5 14. Na4 Be7 15.
Bg3 Ne4 16. Qb3 Nxg3 17. hxg3 Rb8 18. Nb6 Bc5 19. Nxc8 Qxc8 20. Qc3 Qd8 21.
Rad1 Qe7 22. Ne5 Nxe5 23. Qxe5 Rfd8 24. Rxd8+ Rxd8 25. Rd1 b6 26. Rd3 Rxd3 27.
Bxd3 Qd8 28. Qe4 Qf6 29. Qe2 h5 30. a3 g4 31. b4 Bd4 32. Kf1 Kf8 33. Qd2 Bb2
34. c5 bxc5 35. bxc5 Bxa3 36. c6 Bd6 37. Kg1 Qd4 38. Qc2 Bxg3 39. Bxa6 Bc7 40.
g3 Qe5 41. Qe2 Qc5 42. Qb5 Qa3 43. Qb7 Qd6 44. Qc8+ Kg7 45. Qd7 Qe5 46. Qd1 Qc5
47. Qd3 Qxc6 48. Bc4 Qc5 49. Kg2 Bb6 50. Qe2 Qd4 51. Bd3 Bc5 52. Bb1 f5 53. Qc2
Qd5+ 0-1

[Event "III Torneo Internazionale"]
[Site "Montecatini Terme ITA"]
[Date "1999.01.??"]
[Round "2"]
[White "Benvenuti, Carlo"]
[Black "Aldrovandi, Costantino"]
[Result "0-1"]
[WhiteElo "2165"]
[BlackElo "2309"]
[PlyCount "122"]
[EventDate "1999.01.??"]

1. Nf3 Nf6 2. d3 g6 3. c3 Bg7 4. e4 d6 5. Be2 O-O 6. O-O e5 7. Qc2 h6 8. Rd1
Re8 9. Nbd2 Qe7 10. Nc4 b6 11. Ne3 Bb7 12. Nd2 Nbd7 13. Bf3 Nc5 14. Nd5 Nxd5
15. exd5 f5 16. Nb3 Nd7 17. g3 Kh7 18. Bg2 Rac8 19. Bd2 Nb8 20. Rac1 Qf7 21. c4
c6 22. dxc6 Bxc6 23. Bc3 Bxg2 24. Kxg2 d5 25. cxd5 Qxd5+ 26. Kg1 Nc6 27. Qe2 a5
28. Nd2 Nd4 29. Bxd4 exd4 30. Qf3 Qxa2 31. Nc4 Qb3 32. Ra1 Rxc4 33. Ra3 Qc2 34.
dxc4 Qxc4 35. Qd3 Qd5 36. Rb3 Re6 37. Rb5 Qc6 38. Rb3 h5 39. h4 Qd5 40. Rb5 Qc6
41. Rb3 Qc7 42. Rb5 Kh8 43. Qb3 Qc6 44. Qd5 Qe8 45. Rb3 a4 46. Rbd3 Re1+ 47.
Kh2 Rxd1 48. Rxd1 Qe2 49. Rg1 Qxb2 50. Qa8+ Kh7 51. Qxa4 Qxf2+ 52. Rg2 Qf1 53.
Qb3 b5 54. Rb2 f4 55. Qxb5 fxg3+ 56. Kxg3 Qg1+ 57. Kf3 Qg4+ 58. Kf2 Qxh4+ 59.
Ke2 d3+ 60. Kxd3 Qd4+ 61. Kc2 Qxb2+ 0-1

[Event "III Torneo Internazionale"]
[Site "Montecatini Terme ITA"]
[Date "1999.01.??"]
[Round "2"]
[White "Lovric, Branko"]
[Black "Vezzosi, Paolo"]
[Result "0-1"]
[WhiteElo "2316"]
[BlackElo "2339"]
[PlyCount "62"]
[EventDate "1999.01.??"]

1. b3 d5 2. e3 Nf6 3. Bb2 Bf5 4. Be2 e6 5. d3 h6 6. g4 Bg6 7. Nd2 Nbd7 8. f4
Bd6 9. h3 Qe7 10. Ngf3 Ba3 11. Qc1 Bxb2 12. Qxb2 a5 13. Kf2 a4 14. Qc3 c5 15.
Qb2 O-O 16. Rag1 axb3 17. axb3 Rfe8 18. Ra1 Rab8 19. Ra7 Red8 20. Ne5 Nxe5 21.
Qxe5 Nd7 22. Qb2 f5 23. Nf3 fxg4 24. hxg4 Rf8 25. Kg3 d4 26. e4 Rxf4 27. Qc1
Rf7 28. Nh4 Ne5 29. Rf1 Rbf8 30. Ra1 Rxf1 31. Bxf1 Qc7 0-1

[Event "III Torneo Internazionale"]
[Site "Montecatini Terme ITA"]
[Date "1999.01.??"]
[Round "2"]
[White "Sciortino, Massimo"]
[Black "Turci, Stefano"]
[Result "1/2-1/2"]
[WhiteElo "2194"]
[BlackElo "2165"]
[PlyCount "28"]
[EventDate "1999.01.??"]

1. e4 c6 2. d4 d5 3. Nc3 dxe4 4. Nxe4 Nd7 5. Nf3 Ngf6 6. Nxf6+ Nxf6 7. Ne5 Nd7
8. Nd3 g6 9. c3 Bg7 10. Be2 e5 11. Nxe5 Nxe5 12. dxe5 Qxd1+ 13. Bxd1 Bxe5 14.
O-O O-O 1/2-1/2

[Event "III Torneo Internazionale"]
[Site "Montecatini Terme ITA"]
[Date "1999.01.??"]
[Round "2"]
[White "Tomescu, Vlad"]
[Black "Naumkin, Igor"]
[Result "1/2-1/2"]
[WhiteElo "2436"]
[BlackElo "2493"]
[PlyCount "32"]
[EventDate "1999.01.??"]

1. d4 d5 2. c4 e6 3. Nc3 Bb4 4. Nf3 Nf6 5. Bg5 h6 6. Bxf6 Qxf6 7. e4 O-O 8. Qb3
c5 9. a3 Bxc3+ 10. Qxc3 dxc4 11. Bxc4 cxd4 12. Qxd4 Qxd4 13. Nxd4 Bd7 14. Ke2
Nc6 15. Nxc6 Bxc6 16. f3 Rfd8 1/2-1/2

[Event "III Torneo Internazionale"]
[Site "Montecatini Terme ITA"]
[Date "1999.01.??"]
[Round "2"]
[White "Zaja, Ivan"]
[Black "Medancic, Rikard"]
[Result "1/2-1/2"]
[WhiteElo "2443"]
[BlackElo "2349"]
[PlyCount "29"]
[EventDate "1999.01.??"]

1. e4 c5 2. Nf3 Nc6 3. Bb5 e6 4. O-O Nge7 5. c3 a6 6. Ba4 b5 7. Bc2 d5 8. d3
dxe4 9. dxe4 Qxd1 10. Rxd1 Bb7 11. a4 b4 12. Nbd2 bxc3 13. bxc3 Na5 14. Ba3
Nec6 15. Nb3 1/2-1/2

[Event "III Torneo Internazionale"]
[Site "Montecatini Terme ITA"]
[Date "1999.01.??"]
[Round "3"]
[White "Aldrovandi, Costantino"]
[Black "Sciortino, Massimo"]
[Result "1/2-1/2"]
[WhiteElo "2309"]
[BlackElo "2194"]
[PlyCount "140"]
[EventDate "1999.01.??"]

1. c4 e5 2. b3 d6 3. Bb2 f5 4. e3 Nf6 5. d3 Be7 6. Nc3 O-O 7. Nf3 Qe8 8. Be2
Qg6 9. O-O a5 10. Kh1 Na6 11. Ng1 c6 12. f4 e4 13. d4 Kh8 14. Qd2 Nc7 15. Na4
Be6 16. Nb6 Ra6 17. c5 Ra7 18. cxd6 Bxd6 19. Nc4 Bxc4 20. bxc4 b5 21. d5 bxc4
22. dxc6 Bc5 23. Bxc4 Ng4 24. Rae1 Qxc6 25. h3 Nf6 26. Rc1 Qb6 27. Rfe1 Raa8
28. Be5 Nce8 29. a4 Rd8 30. Qc3 Bb4 31. Qb3 Qa7 32. Red1 Nd6 33. Be6 Nh5 34.
Ne2 Qa6 35. Qa2 Qxe2 36. Qxe2 Ng3+ 37. Kh2 Nxe2 38. Rc2 Nf7 39. Rxd8 Nxd8 40.
Bd5 Nxf4 41. exf4 Nf7 42. Bxf7 Rxf7 43. Rc8+ Rf8 44. Rc7 Re8 45. Kg1 h5 46.
Bxg7+ Kg8 47. Be5 Re7 48. Rc8+ Kf7 49. Rh8 Kg6 50. Rg8+ Kf7 51. Rg5 Ke6 52.
Rxh5 e3 53. Kf1 Kd5 54. Rh8 Rd7 55. Bf6 Ke4 56. Re8+ Kxf4 57. Rd8 Rd2 58. Rxd2
exd2 59. Ke2 Kg3 60. Be5+ Kxg2 61. h4 Be7 62. Kxd2 Bxh4 63. Ke3 Bg5+ 64. Bf4
Be7 65. Be5 Bg5+ 66. Bf4 Be7 67. Be5 Bg5+ 68. Bf4 Be7 69. Be5 Bg5+ 70. Bf4 Be7
1/2-1/2

[Event "III Torneo Internazionale"]
[Site "Montecatini Terme ITA"]
[Date "1999.01.??"]
[Round "3"]
[White "Medancic, Rikard"]
[Black "Tomescu, Vlad"]
[Result "0-1"]
[WhiteElo "2349"]
[BlackElo "2436"]
[PlyCount "82"]
[EventDate "1999.01.??"]

1. e4 c5 2. Nf3 Nc6 3. Bb5 e6 4. O-O Nge7 5. c3 d5 6. d3 a6 7. Ba4 b5 8. Bc2
Ng6 9. Qe2 Be7 10. d4 cxd4 11. exd5 Qxd5 12. Rd1 Bb7 13. Be4 Qd7 14. Nxd4 Rd8
15. Bc2 Qc7 16. Nxc6 Rxd1+ 17. Qxd1 Qxc6 18. f3 Bc5+ 19. Kh1 O-O 20. Be4 Qc7
21. Bxb7 Rd8 22. Nd2 Qxb7 23. Qe1 Nf4 24. Ne4 Nd3 25. Qe2 Ba7 26. Bg5 Rd5 27.
Bh4 Qd7 28. Be1 f5 29. Ng5 Nf4 30. Qc2 h6 31. Nh3 Nxh3 32. gxh3 Rd3 33. Kg2 Qd5
34. Qe2 g5 35. c4 bxc4 36. Bc3 h5 37. Rf1 g4 38. hxg4 hxg4 39. Qe5 gxf3+ 40.
Kg3 f2+ 41. Kh4 Qe4+ 0-1

[Event "III Torneo Internazionale"]
[Site "Montecatini Terme ITA"]
[Date "1999.01.??"]
[Round "3"]
[White "Naumkin, Igor"]
[Black "Lovric, Branko"]
[Result "1/2-1/2"]
[WhiteElo "2493"]
[BlackElo "2316"]
[PlyCount "25"]
[EventDate "1999.01.??"]

1. d4 b6 2. c4 e6 3. Nf3 Bb7 4. g3 Bb4+ 5. Nbd2 Bxf3 6. exf3 Qf6 7. a3 Bxd2+ 8.
Bxd2 Qxd4 9. Qc2 Qe5+ 10. Be2 Nc6 11. Bc3 Nd4 12. Qd3 c5 13. Rd1 1/2-1/2

[Event "III Torneo Internazionale"]
[Site "Montecatini Terme ITA"]
[Date "1999.01.??"]
[Round "3"]
[White "Turci, Stefano"]
[Black "Zaja, Ivan"]
[Result "0-1"]
[WhiteElo "2165"]
[BlackElo "2443"]
[PlyCount "92"]
[EventDate "1999.01.??"]

1. e4 Nc6 2. Nc3 Nf6 3. d4 d5 4. e5 Nd7 5. Nge2 Nb6 6. Nf4 e6 7. Bb5 Bd7 8. O-O
a6 9. Bxc6 Bxc6 10. Nh5 h6 11. Qg4 Rh7 12. f4 Qd7 13. f5 exf5 14. Rxf5 O-O-O
15. Qf3 f6 16. b3 Bb4 17. Bb2 fxe5 18. Rxe5 Bd6 19. Re3 Rf8 20. Qe2 g6 21. Ng3
h5 22. Rf1 Rhf7 23. Rxf7 Rxf7 24. Rf3 Rf4 25. Rxf4 Bxf4 26. Qf3 Bh6 27. a4 Qe6
28. Nf1 Nd7 29. Qe2 Qf7 30. Nd2 Nf6 31. Nf3 Ng4 32. Ne5 Nxe5 33. Qxe5 Bg7 34.
Qe3 Qf5 35. Qd2 g5 36. Ne2 h4 37. Bc1 Bf6 38. Ba3 Qe4 39. c3 Bd7 40. h3 b6 41.
Kf2 Qf5+ 42. Kg1 Qe4 43. Kf2 g4 44. hxg4 Bxg4 45. Bc1 h3 46. gxh3 Bh4+ 0-1

[Event "III Torneo Internazionale"]
[Site "Montecatini Terme ITA"]
[Date "1999.01.??"]
[Round "3"]
[White "Vezzosi, Paolo"]
[Black "Benvenuti, Carlo"]
[Result "1/2-1/2"]
[WhiteElo "2339"]
[BlackElo "2165"]
[PlyCount "85"]
[EventDate "1999.01.??"]

1. d4 d6 2. Nf3 Bg4 3. e4 Nf6 4. Bd3 d5 5. e5 Ng8 6. h3 Bc8 7. O-O g6 8. c4 e6
9. Nc3 Ne7 10. Bg5 Bg7 11. Qd2 c6 12. Rae1 h6 13. Bf6 Kf8 14. Qf4 Nd7 15. cxd5
cxd5 16. Nb5 a6 17. Bxg7+ Kxg7 18. Nd6 Nf5 19. Bxf5 gxf5 20. g4 Nf8 21. gxf5
exf5 22. Nxf5+ Bxf5 23. Qxf5 Ng6 24. Kh2 Qb6 25. Rg1 Rhe8 26. h4 h5 27. Re2 Qe6
28. Qxe6 fxe6 29. Rc2 Re7 30. Rgc1 Rf8 31. Kg3 Rf4 32. Rc7 Rg4+ 33. Kh2 Rxc7
34. Rxc7+ Kf8 35. Rxb7 Nxh4 36. Nxh4 Rxh4+ 37. Kg2 Rxd4 38. Rb6 Ke7 39. Rxa6
Re4 40. Ra7+ Ke8 41. Kf3 Kd8 42. Ra3 Rxe5 43. b4 1/2-1/2

[Event "III Torneo Internazionale"]
[Site "Montecatini Terme ITA"]
[Date "1999.01.??"]
[Round "4"]
[White "Benvenuti, Carlo"]
[Black "Naumkin, Igor"]
[Result "0-1"]
[WhiteElo "2165"]
[BlackElo "2493"]
[PlyCount "108"]
[EventDate "1999.01.??"]

1. Nf3 Nf6 2. d3 d5 3. Bg5 Nc6 4. Nbd2 e5 5. c3 Be7 6. Qc2 O-O 7. e4 Be6 8. Be2
h6 9. Bh4 Nh5 10. Bg3 dxe4 11. dxe4 Nf4 12. Bxf4 exf4 13. Nb3 Bd6 14. Nbd4 Ne5
15. Nxe5 Bxe5 16. Nxe6 fxe6 17. Bg4 Qf6 18. Qb3 Rae8 19. O-O-O b5 20. Kc2 a6
21. Qa3 Qh4 22. f3 h5 23. Qc5 hxg4 24. Qxe5 gxf3 25. gxf3 Qf2+ 26. Kb1 Qxf3 27.
Rhf1 Qe2 28. Rfe1 Qxh2 29. Rh1 Qe2 30. Rhe1 Qf2 31. Rf1 Qh4 32. Rd7 Re7 33.
Rxe7 Qxe7 34. Rxf4 Qd6 35. Qxd6 cxd6 36. Rg4 Rf2 37. a3 Kf7 38. Ka2 Kf6 39. Kb3
g5 40. Rg1 Re2 41. Rg4 Kg6 42. e5 Kf5 43. Rd4 d5 44. a4 g4 45. axb5 axb5 46.
Rd1 g3 47. Rg1 g2 48. Ka3 Kxe5 49. b3 Kf4 50. Kb4 Rb2 51. Ka3 Rc2 52. Kb4 Kf3
53. Kxb5 Rxc3 54. b4 Kf2 0-1

[Event "III Torneo Internazionale"]
[Site "Montecatini Terme ITA"]
[Date "1999.01.??"]
[Round "4"]
[White "Lovric, Branko"]
[Black "Medancic, Rikard"]
[Result "1-0"]
[WhiteElo "2316"]
[BlackElo "2349"]
[PlyCount "63"]
[EventDate "1999.01.??"]

1. b3 d5 2. Bb2 Bg4 3. f3 Bh5 4. Nh3 f6 5. e4 e5 6. exd5 Qxd5 7. Qe2 Ne7 8. Nc3
Qd7 9. Ne4 Na6 10. O-O-O O-O-O 11. d4 exd4 12. Rxd4 Qc6 13. Rxd8+ Kxd8 14. Nf4
Bf7 15. Qf2 Qb6 16. Bxa6 Qxf2 17. Rd1+ Kc8 18. Bxb7+ Kxb7 19. Nxf2 Kc8 20. Ba3
Nf5 21. Bxf8 Rxf8 22. Ne4 Nh4 23. Rd2 Rd8 24. Rxd8+ Kxd8 25. Nd2 g5 26. g3 Nf5
27. Ng2 Bd5 28. Ne1 Nd4 29. c3 Nf5 30. Kc2 Ne3+ 31. Kd3 Nf5 32. c4 1-0

[Event "III Torneo Internazionale"]
[Site "Montecatini Terme ITA"]
[Date "1999.01.??"]
[Round "4"]
[White "Turci, Stefano"]
[Black "Aldrovandi, Costantino"]
[Result "0-1"]
[WhiteElo "2165"]
[BlackElo "2309"]
[PlyCount "116"]
[EventDate "1999.01.??"]

1. e4 c5 2. Nc3 Nc6 3. f4 g6 4. Nf3 Bg7 5. Bc4 e6 6. O-O Nge7 7. e5 d6 8. exd6
Qxd6 9. Ne4 Qc7 10. d3 b6 11. a3 h6 12. Qe1 a6 13. Rb1 Nd4 14. Nxd4 cxd4 15.
Bd2 O-O 16. Bb4 Rd8 17. Bxe7 Qxe7 18. Qg3 Bb7 19. Rbe1 Rac8 20. h4 b5 21. Bb3
Bxe4 22. Rxe4 Rc5 23. Qe1 h5 24. g3 Qc7 25. a4 bxa4 26. Bxa4 Rb8 27. Bb3 a5 28.
Qf2 Rb4 29. Ra1 Qc6 30. Qd2 Qb7 31. Qd1 Kh7 32. Kh2 Qc6 33. Qe1 Qb5 34. Re2 Qb7
35. Qh1 Qb8 36. Qg2 Bf6 37. Qf3 Kg7 38. Kg2 Kh7 39. Qf2 Rf5 40. Qe1 a4 41. Bc4
Qa8+ 42. Kh2 Rxb2 43. Bb3 a3 44. Qh1 Qa7 45. Qc6 Rc5 46. Qe4 Kg7 47. Kg2 Ra5
48. Qc6 Be7 49. Kf2 Ra6 50. Qc4 Qb6 51. Re5 Bf6 52. Rb5 Qd6 53. Rc5 Ra7 54. Rc6
Qd8 55. Rc8 Qe7 56. Qb5 Rb7 57. Qc4 R7xb3 58. Rc7 Qd6 0-1

[Event "III Torneo Internazionale"]
[Site "Montecatini Terme ITA"]
[Date "1999.01.??"]
[Round "4"]
[White "Zaja, Ivan"]
[Black "Tomescu, Vlad"]
[Result "1-0"]
[WhiteElo "2443"]
[BlackElo "2436"]
[PlyCount "87"]
[EventDate "1999.01.??"]

1. d4 Nf6 2. c4 g6 3. Nc3 d5 4. cxd5 Nxd5 5. Na4 Bg7 6. e4 Nb6 7. Be3 O-O 8.
Nf3 Bg4 9. Nc5 Qc8 10. Qc2 Rd8 11. Ne5 Bd7 12. Be2 Be8 13. Bg4 N8d7 14. h4 e6
15. Nexd7 Nxd7 16. O-O-O b6 17. Nxd7 Bxd7 18. h5 c5 19. hxg6 hxg6 20. Bg5 f6
21. e5 cxd4 22. exf6 e5 23. Bf3 Bf5 24. Qxc8 Raxc8+ 25. Kd2 Bf8 26. g4 Bb4+ 27.
Ke2 Be6 28. Be4 Bxg4+ 29. f3 Bf5 30. f7+ Kxf7 31. Bxd8 Rxd8 32. Rh7+ Kf6 33.
Rxa7 Rh8 34. a3 Rh2+ 35. Kd3 Bf8 36. Rd2 Rh3 37. Kc4 Bh6 38. Rd1 Rh2 39. b4 Ra2
40. Kb5 Re2 41. Ra6 Bxe4 42. fxe4 Rxe4 43. Rxb6+ Kf5 44. a4 1-0